000
00358nam a2200157Ia 4500
008
230524s9999 xx 000 0 und d
082
_a
5
_b
BEN
100
_a
Jon Bentley
245
0
_a
Programming Pearls
250
_a
2ND
260
_a
NEW DELHI
_b
Pearson
_c
2006
300
_a
XI;233
500
_a
Quantity Number: 4
650
_a
Comp-Sc
942
_c
BK
999
_c
40959
_d
40959